000 00358cam a22001097a 4500
008 180718b1986 xxu||||| |||| 00| 0 eng d
082 _aG1x54 In2m
245 _aMembers of Lok Sabha: a study in socio-economic background
_cby Lok Sabha Secretariat
260 _aNew Delhi
_bLok Sabha Secretariat
_c1986
300 _a34+p
700 _aIndia. Lok Sabha Secretariat
999 _c490723
_d490723